|
|
|
|
| LEADER |
00000nam a2200000Ia 4500 |
| 008 |
180710b fr ||||| |||| 00| | eng d |
| 999 |
|
|
|c 2241
|d 2241
|
| 090 |
|
|
|a 18.01.01
|b 807
|
| 100 |
|
|
|a Ginsburg, Herbert
|9 2112
|
| 245 |
1 |
0 |
|a Pïaget's theory of intellectual development /
|c Herbert Ginsburg, Sylvia Opper
|
| 260 |
|
|
|a París, Francia :
|b UNESCO,
|c 1998
|
| 300 |
|
|
|a 17 páginas
|
| 600 |
|
4 |
|a PIAGET, JEAN
|9 2113
|
| 650 |
1 |
4 |
|a CONOCIMIENTO
|9 42
|
| 650 |
1 |
4 |
|a NIÑOS
|9 59
|
| 650 |
1 |
4 |
|a NIÑAS
|9 60
|
| 650 |
1 |
4 |
|a FILOSOFÍA DE LA EDUCACIÓN
|9 21
|
| 650 |
1 |
4 |
|a TEORÍA DE LA EDUCACIÓN
|9 661
|
| 700 |
|
|
|a Opper, Sylvia
|9 2114
|
| 942 |
|
|
|i 001305
|h 18.01.01 807
|2 z
|c 01
|